1946 1813 1362 1119 1759 1295 1678 1218 1509 1012 1663 1401 1459 1852 1750 1670 1598 1013 1279 1770 1388 1050 1405 1759 1548 1372 1395 1026 1702 1402 1246 1147 1554 1804 1294 1872 1637 1750 1191 1957 1280 1949 1102 1529 1855 1255 1003 1945 1564 1391 1322 1542 1184 1001 1800 1114 1286 1755 1038 1193 1215 1994 1852 1776 1687 1274 1428 1968 1107 1989 1927 1987 1165 1602 1025 1096 1243 1459 1026 1511 1401 1722 1602 1442 1659 1616 1533 1799 1345 1901 1196 1611 1086 1534 1305 1827 1830 1535 1237 BCNSPRNW ULIB Ver.6.0+V

เปลี่ยนเป็นภาษาไทย

Change to English
 แสดงรายละเอียดบรรณานุกรม
  กลับหน้าหลัก

Brief Record : Get Marc (ISO 2709) : E-mail record : QR code < ปิดหน้าต่าง
LEADER : 00000nam 2200000uu 4500
001    13399110174
003     ULIB
008    110425sมปป.||||th 000 0 tha d
060 04 WK810^bส223ค มปป.
110 1  กระทรวงสาธารณสุข.^bกรมควบคุมโรค.^bสำนักงานป้องกันควบคุมโรคที่ 9 จังหวัดพิษณุโลก
245 00 คู่มือประชาชน การป้องกันความเสี่ยงต่อการเกิดโรค...เบาหวาน ความดันโลหิตสูง โรคหัวใจ /^cสำนักงานป้องกันควบคุมโรคที่ 9 จังหวัดพิษณุโลก
260    พิษณุโลก :^bสำนักงานป้องกันควบคุมโรคที่ 9,^cมปป.
300    40 หน้า :^bภาพประกอบ
650  7 เบาหวาน
650  7 ความดันโลหิตสูง
650  7 โรคหัวใจ
945    ^p0^l0^i019242
945    ^p0^l0^i019243
945    ^p0^l0^i019241
995    ทศพร
999 ^a ใช้งานได้ทุกระบบ
รายการนี้ยังไม่มีแท็ก
คุณยังไม่ได้ล็อกอิน คุณสามารถมีกิจกรรมร่วมกับเว็บไซต์ได้ แต่ต้องล็อกอินก่อน ::
  ล็อกอิน

รายการสื่อสารสนเทศ

ลำดับที่ ประเภท เลขเรียก/บาร์โค้ด สถานที่ สถานะ
- ไม่พบข้อมูล -

รายการใกล้เคียง
    หัวเรื่อง [เบาหวาน]
    หัวเรื่อง [ความดันโลหิตสูง]
    หัวเรื่อง [โรคหัวใจ]

BibComment


ยังไม่เคยถูกคอมเมนท์

คอมเมนท์ทรัพยากรรายการนี้
  คอมเมนท์: คู่มือประชาชน การ..


 Copyright 2026. Bcnsprnw @Library